ALAI entrevista al frente democrático revolucionario (El Salvador)
সংরক্ষণ করুন:
| বিন্যাস: | পাঠ্য |
|---|---|
| ভাষা: | Spanish |
| বিষয়গুলি: | |
| ট্যাগগুলো: |
ট্যাগ যুক্ত করুন
কোনো ট্যাগ নেই, প্রথমজন হিসাবে ট্যাগ করুন!
|
MARC
| LEADER | 00000 a a2200000 04500 | ||
|---|---|---|---|
| 001 | 17951 | ||
| 003 | cru CIDCACS/IIS | ||
| 005 | 20191119132833.0 | ||
| 008 | 191119b ||||| |||| 00| 0 spa d | ||
| 999 | |c 42609 |d 42609 | ||
| 040 | |c cru CIDCACS/IIS | ||
| 245 | |a ALAI entrevista al frente democrático revolucionario (El Salvador) | ||
| 300 | |a páginas 331-333 | ||
| 650 | 4 | |a DEMOCRATIZACION |9 1849 | |
| 650 | 0 | |a POLITICA |9 3691 | |
| 650 | 4 | |a MILITARISMO |9 1934 | |
| 650 | 0 | |a SINDICATOS |9 7 | |
| 651 | 4 | |9 1928 |a EL SALVADOR | |
| 773 | 0 | |0 42391 |9 3834 |a Agencia Latinoamericana de Información, ALAI |d Quito, Ecuador: ALAI |o 04448 |t ALAI: |x 08275564 (Servicio mensual de información y documentación) | |
| 942 | |2 ddc |c PP | ||
